| 000 | 00390nam a22001457a 4500 | ||
|---|---|---|---|
| 082 | _a340.071141 BRA | ||
| 100 | _aBradney, Anthony | ||
| 245 |
_aHow to Study Law / _cAnthony Bradney |
||
| 250 | _a5th Edition. | ||
| 260 |
_aLondon : _bSweet & Maxwell, _c2005. |
||
| 300 |
_a260 p. ; _c24 cm. |
||
| 942 |
_2ddc _cBK |
||
| 999 |
_c587014 _d587014 |
||